000 00703cam a2200229 a 4500
001 000004736
005 20200929151507.0
008 840411s1993 sp 001 f spao
020 _a847461290X
040 _aDO-SdBNP
_bspa
_cBNPHU
082 _a843.88
_bD238s
100 1 _aDaudet, Alphonse,
_d1840-1897.
_913777
245 1 0 _aSafo /
_cAlphonse Daudet.
260 _aMadrid :
_bClud Internacional del Libro,
_c[1993].
300 _a228 p. ;
_c20 cm.
490 1 _aGrandes genios de la literatura universal
650 4 _aNovela francesa
_91075
650 4 _aLiteratura francesa
_91074
830 0 _aGrandes genios de la literatura universal
_97077
910 _aCatalogación derivada
910 _aWM
999 _c4542
_d4542